Statistics for WWE A-Z

Click here to take the quiz!

General Stats

  • This quiz has been taken 172 times
  • The average score is 16 of 26

Answer Stats

HintAnswer% Correct
BWade barrett's catcphrase I'm afraid i've got some _____ _____Bad News
90%
NRebellious faction Wade Barrett was the leader ofNexus
84%
CThe guy who walked out of the company with the wwe championshipCM Punk
82%
RPPV where you are eliminated by getting thrown over the top rope with both feet landing on the floorRoyal Rumble
79%
LName of the match were you lose if the referee counts to 10Last Man Standing
75%
GRhyno's finisherGore
71%
JKurt Angles son apparentlyJason Jordan
70%
WThe Main event of the YearWrestlemania
70%
UBig SamoanUmaga
69%
DJohn Cena's old heel personaDoctor of thuganomics
68%
XLoud mouth member of D Generation XX pac
68%
YJohn Cena's catchpraseYou can't see me
67%
KKevin Owens catchprase Welcome to the _____ ______ _____Kevin Owens show
66%
SSIERRA HOTEL INDIA ECHO LIMA DELTASHIELD
66%
EEmber Moon's FinisherEclipse
63%
ZWoo Woo Woo you know itZack Ryder
63%
FYou have the right to remain stylishFandango
59%
IMidcard championship held the most times by Chris JerichoIntercontinental Championship
54%
VIt's _____ TimeVader
54%
TECW LegendTommy Dreamer
52%
AAJ lee's real first nameApril
49%
HThe show that used to be hosted by Chris jerichoHighlight Reel
49%
QNatalya's nicknameQueen of hearts
49%
MHelped Stone Cold Steve Austin win at Wrestlemania 14Mike Tyson
38%
OPPV that was first held in 2010 instead of Judgement DayOver the Limit
30%
PGoing off scriptPipe Bomb
20%

Score Distribution

Percentile by Number Answered

Percent of People with Each Score

Your Score History

You have not taken this quiz